Normal view MARC view
  • Mohsin Bashir

Entry Personal Name

Number of records used in: 1

001 - CONTROL NUMBER

  • control field: 133219

003 - CONTROL NUMBER IDENTIFIER

  • control field: NUST

005 - DATE AND TIME OF LATEST TRANSACTION

  • control field: 20260216105950.0

008 - FIXED-LENGTH DATA ELEMENTS

  • fixed length control field: 260216|| aca||aabn | a|a d

040 ## - CATALOGING SOURCE

  • Original cataloging agency: NUST
  • Transcribing agency: NUST

100 ## - HEADING--PERSONAL NAME

  • Personal name: Mohsin Bashir

670 ## - SOURCE DATA FOUND

  • Source citation: Work cat.: (NUST)351191: Mohsin Bashir , TECHNOLOGY UPGRATION AND SKILL DEVELOPMENT COMPANY (TUSDEC), 2009
© 2023 Central Library, National University of Sciences and Technology. All Rights Reserved.